Score 0/30 Timer 03:00
3 Plays Today
First Word Second Word % Correct
SaudiArabia
99.4%
BeachVolleyball
92.8%
FullHouse
92.3%
KanyeWest
90.1%
JiminyCricket
89.8%
WestVirginia
88.7%
LeonardoDiCaprio
86%
StatenIsland
85.2%
YorkshireTerrier
83%
CharlizeTheron
82%
DesMoines
81.7%
MadMen
75.9%
BrickRed
75.8%
BlueJays
72.8%
Dr.No
72.3%
First Word Second Word % Correct
JohnsHopkins
71.5%
BlackSabbath
70.8%
EuropeanUnion
62.5%
KualaLumpur
61.6%
MillardFillmore
61.5%
PaperbackWriter
56.4%
NevilleChamberlain
56%
IntentionalWalk
53.9%
PetSematary
53.8%
AstonVilla
50.1%
NewBrunswick
48.9%
RubeusHagrid
48.5%
TitusAndronicus
34.3%
EndoplasmicReticulum
33.6%
Taipei101
13.7%
Come Together.
Have Fun.
All Virtual.
We all need to come together. Play Sporcle's virtual live trivia to have fun, connect with people, and get your trivia on. Join a live hosted trivia game for your favorite pub trivia experience done virtually. If a virtual private party is more your thing, go here for details.

You're not logged in!

Compare scores with friends on all Sporcle quizzes.
OR
Log In

Sporcle TV

Today on Sporcle TV


Watch our educational content, quiz creation guides, and fun videos on Sporcle TV.

Show Comments

Extras

Top Quizzes Today


Score Distribution

Paid Content

Your Account Isn't Verified!

In order to create a playlist on Sporcle, you need to verify the email address you used during registration. Go to your Sporcle Settings to finish the process.

Report this User

Report this user for behavior that violates our Community Guidelines.

Details: